[Event "POL-chT3"]
[Site "Jastrzebia Gora POL"]
[Date "2015.??.??"]
[Round "3.48"]
[White "Gorecka, Joanna"]
[Black "Burakowska, Gabriela"]
[Result "1-0"]
[WhiteElo "2069"]
[BlackElo "1783"]
[EventDate "2015.??.??"]
[WhiteTitle "WFM"]
[BlackTitle "I++"]

1.e4 c5 2.Nf3 e6 3.d4 cxd4 4.Nxd4 a6 5.Bd3 Qc7 6.Nc3 Nc6 7.Nxc6 dxc6 8.O-O
e5 9.Be3 Nf6 10.Na4 Be6 11.Bb6 Qb8 12.Nc5 Bxc5 13.Bxc5 b6 14.Be3 c5 15.c3 
O-O 16.Qe2 Qc7 17.f4 c4 18.Bc2 exf4 19.Bxf4 Qc5+ 20.Be3 Qc7 21.Rxf6 gxf6 
22.Bd4 Rfd8 23.Qf2 1-0

[Event "POL-chT3"]
[Site "Jastrzebia Gora POL"]
[Date "2015.??.??"]
[Round "3.49"]
[White "Wandzik, Wojciech"]
[Black "Zielinski, Maciej"]
[Result "1-0"]
[WhiteElo "2360"]
[BlackElo "2125"]
[EventDate "2015.??.??"]
[WhiteTitle "m"]
[BlackTitle "I++"]

1.e4 e5 2.Nf3 Nc6 3.Bb5 g6 4.O-O Bg7 5.d3 Nge7 6.Nc3 O-O 7.Be3 a6 8.Bxc6 
Nxc6 9.d4 exd4 10.Nxd4 Ne5 11.b3 d6 12.f3 c6 13.Qd2 Qc7 14.Rad1 b5 15.Nde2
Rd8 16.Bg5 f6 17.Bh6 Be6 18.Kh1 Bh8 19.h3 Nf7 20.Be3 Re8 21.Bd4 Rad8 22.
Nf4 Bc8 23.Qf2 Qb8 24.Nce2 Bg7 25.Qg3 Ne5 26.Ba1 Be6 27.Nxe6 Rxe6 28.Nd4 
Qc8 29.f4 Nf7 30.Nxe6 Qxe6 31.f5 Qxe4 32.fxg6 Ne5 33.gxh7+ Kxh7 34.Bxe5 
fxe5 35.Rf7 1-0

[Event "POL-chT3"]
[Site "Jastrzebia Gora POL"]
[Date "2015.??.??"]
[Round "3.50"]
[White "Zaleski, Lukasz"]
[Black "Mroziak, Maciej"]
[Result "1/2-1/2"]
[WhiteElo "2052"]
[BlackElo "2338"]
[EventDate "2015.??.??"]
[WhiteTitle "k"]
[BlackTitle "m"]

1.e4 d5 2.exd5 Nf6 3.Bb5+ Nbd7 4.d4 a6 5.Be2 Nxd5 6.Nf3 e6 7.c4 N5f6 8.O-O
Be7 9.Nc3 O-O 10.h3 b6 11.Be3 Bb7 12.Qc2 c5 13.Rfd1 cxd4 14.Bxd4 Qc7 15.b3
Rfd8 16.Qb2 Rac8 17.Rac1 Qb8 18.Ne1 Bc5 19.Bf3 Bxf3 20.Nxf3 e5 21.Bxc5 
Nxc5 22.Nd5 Nxd5 23.cxd5 f6 24.Qc2 e4 25.Nd4 Nd3 26.Nc6 Nxc1 27.Rxc1 Qd6 
28.Qxe4 Re8 29.Qc4 b5 30.Qg4 Rc7 31.Rd1 Rd7 32.g3 Rf7 33.Qf3 f5 34.Nd4 f4 
35.g4 Rd7 36.Nc6 h6 37.Kg2 Kh8 38.Rd4 Rc8 39.Rxf4 Re8 40.Rf5 Rc7 41.g5 Kg8
42.gxh6 gxh6 43.Rf4 1/2-1/2

[Event "POL-chT3"]
[Site "Jastrzebia Gora POL"]
[Date "2015.??.??"]
[Round "3.51"]
[White "Lizak, Jakub"]
[Black "Bugalski, Michal"]
[Result "1/2-1/2"]
[WhiteElo "2113"]
[BlackElo "2162"]
[EventDate "2015.??.??"]
[WhiteTitle "k"]
[BlackTitle "k"]

1.e4 e6 2.d4 d5 3.Nc3 Bb4 4.e5 c5 5.a3 Bxc3+ 6.bxc3 Ne7 7.Qg4 O-O 8.Bd3 f5
9.exf6 Rxf6 10.Bg5 Rf7 11.Qh5 g6 12.Qd1 Nbc6 13.Nf3 Qc7 14.O-O c4 15.Be2 
Nf5 16.Qd2 Nd6 17.Bf4 Qe7 18.g3 Bd7 19.Ng5 Rg7 20.Bxd6 Qxd6 21.f4 h6 22.
Nf3 Rf8 23.Rf2 Qe7 24.h4 Nd8 25.Ne5 b6 26.Bg4 Nb7 27.Re2 Bc8 28.Qe3 Qc7 
29.Nf3 Rf6 30.Rae1 Qe7 31.Qe5 Nd6 32.a4 Ne4 33.Rxe4 dxe4 34.Nd2 Rf8 35.
Nxc4 Bb7 36.Qxe6+ Kh7 37.Ne5 Bc8 38.Qxe7 Rxe7 39.Be2 Rc7 40.c4 Kg7 41.Kf2 
g5 42.Ke3 gxf4+ 43.gxf4 Kf6 44.d5 Rg7 45.a5 Kf5 46.axb6 axb6 47.Rb1 Rf6 
48.Nc6 Rg3+ 49.Kd4 Kxf4 50.Ne5 Bh3 51.Re1 Re3 52.h5 Rg3 53.Bf1 1/2-1/2

[Event "POL-chT3"]
[Site "Jastrzebia Gora POL"]
[Date "2015.??.??"]
[Round "3.52"]
[White "Zielinski, Wojciech"]
[Black "Duda, Lukasz"]
[Result "0-1"]
[WhiteElo "2187"]
[BlackElo "2153"]
[EventDate "2015.??.??"]
[WhiteTitle "I++"]
[BlackTitle "I++"]

1.b3 e5 2.Bb2 Nc6 3.e3 d5 4.Nf3 Bd6 5.d4 e4 6.Nfd2 Nce7 7.c4 c6 8.Nc3 f5 
9.g3 Nf6 10.Be2 O-O 11.Qc2 a6 12.O-O-O b5 13.c5 Bc7 14.h3 a5 15.Rdg1 b4 
16.Na4 Ng6 17.g4 f4 18.g5 Ne8 19.h4 Ne7 20.h5 f3 21.Bf1 Bf5 22.h6 g6 23.
Rh4 Nc8 24.Bh3 Ne7 25.Bf1 Rb8 26.Ba1 Qd7 27.Nb2 Bd8 28.Nbc4 dxc4 29.Bxc4+ 
Nd5 30.Nxe4 Nc7 31.Qd2 Ne6 32.Nd6 Bxg5 33.Rxg5 Nxg5 34.e4 Nxe4 35.Nxe4 
Bxe4 36.Rxe4 Rbe8 37.Re5 Qg4 38.Rxd5 Qg1+ 39.Qd1 Qxd1+ 40.Kxd1 cxd5 41.
Bxd5+ Rf7 42.Bc4 Rc8 43.Be6 Re8 44.Bc4 Rc8 45.Be6 Rc6 46.Bd5 Rf6 47.c6 Kf8
48.Bxf7 Rxf7 49.d5 Ke7 50.Be5 Rf5 51.d6+ Kd8 52.Bg3 Rd5+ 53.Ke1 Rc5 54.c7+
Kd7 55.Kd2 g5 56.Kd3 g4 57.Bf4 Rc3+ 58.Kd2 a4 59.Be5 axb3 60.axb3 Rxb3 61.
Kc2 Re3 62.Bg3 Re6 63.Kb3 Rxh6 64.Kxb4 Re6 65.Kc5 h5 66.c8=Q+ Kxc8 67.Kc6 
Rg6 0-1

[Event "POL-chT3"]
[Site "Jastrzebia Gora POL"]
[Date "2015.??.??"]
[Round "3.53"]
[White "Dudys, Jakub"]
[Black "Grota, Mateusz"]
[Result "1-0"]
[WhiteElo "2115"]
[BlackElo "1890"]
[EventDate "2015.??.??"]
[WhiteTitle "I++"]
[BlackTitle "I"]

1.e4 e5 2.Nf3 Nc6 3.d4 exd4 4.Bc4 Nf6 5.e5 Ne4 6.Qe2 Nc5 7.O-O Be7 8.Bf4 
Ne6 9.Bg3 d5 10.exd6 Bxd6 11.Nbd2 O-O 12.Nb3 Re8 13.Rfe1 Bb4 14.Red1 Nc5 
15.Qf1 Nxb3 16.Bxb3 Bg4 17.Qc4 Qf6 18.Rd3 Be6 19.Qb5 Bf5 20.Rdd1 a6 21.Qc4
b5 22.Qf1 Bg4 23.Rd3 Bf5 24.Rdd1 Bg4 25.Bd5 Rad8 26.Bh4 Qd6 27.Bxc6 Qxc6 
28.Bxd8 Bxf3 29.gxf3 Rxd8 30.c3 Rd6 31.Rxd4 Qxf3 32.Rxd6 Bxd6 33.Qg2 Qf4 
34.Qa8+ Bf8 35.Qc6 g6 36.Qg2 Bd6 37.Rd1 Kg7 38.f3 h5 39.a3 Kh7 40.Kf1 Qc4+
41.Qe2 Qh4 42.Rd4 Qg5 43.Rd2 Bc5 44.Ke1 Qg1+ 45.Qf1 Qe3+ 46.Kd1 Bd6 47.Kc2
Bf4 48.Re2 Qc5 49.Qd1 Bd6 50.Qd3 a5 51.Qd4 Qf5+ 52.Qe4 Qc5 53.h4 b4 54.
axb4 axb4 55.Qxb4 Qxb4 56.cxb4 Bxb4 57.Kd3 Kg7 58.Rc2 Bd6 59.Ke4 Kf6 60.
Rc4 g5 61.b4 gxh4 62.f4 Ke6 63.b5 h3 64.Rc2 h4 65.Rh2 Be7 66.Rxh3 Kd6 67.
Rc3 Kd7 68.Kd5 Bd6 69.Ke4 Ke6 70.Rh3 Be7 71.Rh1 Kd6 72.Rc1 Kd7 73.Rc2 Kd6 
74.Rc6+ Kd7 75.Rh6 Bd8 76.Kd5 Be7 77.Rh7 Ke8 78.Kc6 Bd6 79.Rxh4 Ke7 80.Kd5
Kf6 81.b6 Ke7 82.b7 1-0

[Event "POL-chT3"]
[Site "Jastrzebia Gora POL"]
[Date "2015.??.??"]
[Round "3.54"]
[White "Cichocka, Urszula"]
[Black "Szydlowska-Duda, Marta"]
[Result "0-1"]
[WhiteElo "1697"]
[BlackElo "1990"]
[EventDate "2015.??.??"]
[WhiteTitle "I++"]
[BlackTitle "k"]

1.e4 d5 2.exd5 Qxd5 3.Nc3 Qa5 4.d4 Nf6 5.Bc4 Bf5 6.Nf3 e6 7.Bd2 Bb4 8.a3 
Bxc3 9.Bxc3 Qb6 10.Ne5 Nc6 11.O-O Nxe5 12.dxe5 Rd8 13.Qf3 Ne4 14.Rad1 O-O 
15.h3 Nxc3 16.Qxc3 Qc6 17.Qb4 Bxc2 18.Rc1 Qe4 19.Rfe1 Qf5 20.Qxb7 Rd2 21.
Qxa7 Rfd8 22.Bf1 g5 23.Qe3 R8d4 24.Re2 R2d3 25.g4 Qg6 26.Rexc2 Rxe3 27.
fxe3 Rd5 28.Rxc7 Rxe5 29.R7c3 h5 30.Be2 hxg4 31.Bxg4 Qe4 32.b4 Rd5 33.R1c2
f5 34.Be2 Qh4 35.Bf1 Rd1 36.Rc8+ Kf7 37.R2c7+ Kf6 38.Rf8+ Ke5 39.Rc5+ Rd5 
0-1

[Event "POL-chT3"]
[Site "Jastrzebia Gora POL"]
[Date "2015.??.??"]
[Round "3.55"]
[White "Brzezinski, Mateusz"]
[Black "Teclaf, Pawel"]
[Result "1-0"]
[WhiteElo "2125"]
[BlackElo "2200"]
[EventDate "2015.??.??"]
[WhiteTitle "I++"]
[BlackTitle "CM"]

1.d4 Nf6 2.c4 g6 3.g3 Bg7 4.Bg2 d5 5.cxd5 Nxd5 6.Nf3 O-O 7.O-O c5 8.e4 Nb6
9.d5 e6 10.Nc3 Na6 11.Bg5 Qe8 12.Re1 h6 13.Bf4 e5 14.Be3 Nc4 15.Qe2 Nd6 
16.Nd2 b6 17.a3 Nc7 18.Nc4 Nxc4 19.Qxc4 Ba6 20.Qa2 Qe7 21.Red1 Ne8 22.b4 
cxb4 23.axb4 Bb7 24.Qb3 Nd6 25.Bc5 bxc5 26.bxc5 Ne8 27.Rdb1 Bc8 28.Qc4 Bd7
29.Rb7 Rc8 30.c6 Bf6 31.Qd3 Rd8 32.Raxa7 Qc5 33.Rxd7 Nd6 34.Qe3 Qb4 35.h4 
h5 36.Kh2 Nc4 37.Qf3 Kg7 38.Rdb7 Qc5 39.Bh3 Nd6 40.Rd7 Rb8 41.Na4 Qb4 42.
Rxd6 Qxd6 43.c7 Rbc8 44.Bxc8 Rxc8 45.Qc3 g5 46.Qc5 Qd7 47.f3 Be7 48.Qc6 
Qd6 49.Nb6 Qb4 50.Ra2 Bc5 51.Nxc8 Bg1+ 52.Kg2 Qb1 53.Qc2 Qe1 54.Qe2 Qb1 
55.Rb2 Qa1 56.Rd2 gxh4 57.Rd1 h3+ 58.Kxh3 Qc3 59.Rxg1 Qxc7 60.Kg2 1-0

[Event "POL-chT3"]
[Site "Jastrzebia Gora POL"]
[Date "2015.??.??"]
[Round "3.56"]
[White "Oszczanowski, Witold"]
[Black "Kujawski, Adam"]
[Result "0-1"]
[WhiteElo "2086"]
[BlackElo "2277"]
[EventDate "2015.??.??"]
[WhiteTitle "k"]
[BlackTitle "k"]

1.e4 e6 2.d4 d5 3.Nc3 Nf6 4.Bg5 Bb4 5.e5 h6 6.Be3 Ne4 7.Qg4 Kf8 8.Ne2 c5 
9.f3 h5 10.Qh3 Nxc3 11.bxc3 cxd4 12.Bxd4 Be7 13.f4 Nc6 14.Nc1 Nxd4 15.cxd4
Bd7 16.Bd3 Qa5+ 17.Kf2 g6 18.Ne2 Rc8 19.Rhb1 b6 20.Qf3 Kg7 21.g3 Ba4 22.c3
Ba3 23.h3 Rxc3 24.Nxc3 Qxc3 25.Re1 Qxd4+ 26.Kg2 Rc8 27.f5 exf5 28.e6 Rc3 
29.Re3 fxe6 0-1

[Event "POL-chT3"]
[Site "Jastrzebia Gora POL"]
[Date "2015.??.??"]
[Round "3.57"]
[White "Mazalon, Mariusz"]
[Black "Zareba, Radoslaw"]
[Result "1-0"]
[WhiteElo "2040"]
[BlackElo "2071"]
[EventDate "2015.??.??"]
[WhiteTitle "k"]
[BlackTitle "I"]

1.d4 b6 2.Nf3 Bb7 3.g3 e6 4.Bg2 f5 5.O-O Nf6 6.c4 Be7 7.Nc3 O-O 8.d5 exd5 
9.cxd5 Bb4 10.Bg5 h6 11.Bxf6 Qxf6 12.Rc1 Na6 13.a3 Bd6 14.b4 Rae8 15.e3 g5
16.Qd3 f4 17.exf4 gxf4 18.Nh4 Be5 19.Bh3 Rf7 20.Bf5 Bxc3 21.Rxc3 Re5 22.
Bg6 Rg7 23.Rc4 Rg5 24.Be4 Re5 25.Bg2 f3 26.Bxf3 Rgg5 27.Bg2 b5 28.Rf4 Qd6 
29.Qxb5 Bxd5 30.Bxd5+ Rxd5 31.Qc4 Kg7 32.Nf3 Rg6 33.Re1 c5 34.Ree4 Re6 35.
Rg4+ Kf7 36.Rgf4+ Ke7 37.Rxe6+ dxe6 38.Qc3 e5 39.Re4 Ke6 40.Rh4 Kf7 41.Qc4
cxb4 42.axb4 Nc7 43.Qe4 Qf6 44.Rh5 Kg7 45.Nxe5 Rd1+ 46.Kg2 Rd2 47.Rf5 1-0

[Event "POL-chT3"]
[Site "Jastrzebia Gora POL"]
[Date "2015.??.??"]
[Round "3.58"]
[White "Czachor, Radoslaw"]
[Black "Wisniewski, Szymon"]
[Result "1-0"]
[WhiteElo "1994"]
[BlackElo "1847"]
[EventDate "2015.??.??"]
[WhiteTitle "I++"]
[BlackTitle "I+"]

1.Nf3 Nf6 2.d4 g6 3.c4 Bg7 4.Nc3 O-O 5.e4 d6 6.Be2 e5 7.dxe5 dxe5 8.Qxd8 
Rxd8 9.Bg5 c6 10.O-O Bg4 11.Rfd1 Na6 12.Be3 Bxf3 13.Bxf3 b6 14.Rxd8+ Rxd8 
15.Rd1 Rxd1+ 16.Bxd1 Kf8 17.Ba4 Nb8 18.f3 Ke7 19.Kf2 Kd6 20.c5+ bxc5 21.
Bb3 Na6 22.a3 Nc7 23.Bxf7 Nb5 24.Nxb5+ cxb5 25.g4 a5 26.g5 Nd7 27.b3 c4 
28.bxc4 b4 29.axb4 axb4 30.Ke2 Nc5 31.Bg8 b3 32.Kd2 b2 33.Kc2 Nd3 34.Bxh7 
Ne1+ 35.Kxb2 Nxf3 36.Bxg6 Nxh2 37.Bh5 Nf1 38.Bc1 Ng3 39.Bf3 Kc5 40.Kc3 Kc6
41.Be3 Bf8 42.Bf2 Nf1 43.Be2 Nh2 44.Bg3 1-0

[Event "POL-chT3"]
[Site "Jastrzebia Gora POL"]
[Date "2015.??.??"]
[Round "3.59"]
[White "Skowronski, Piotr"]
[Black "Mondrzycki, Bartlomiej"]
[Result "1/2-1/2"]
[WhiteElo "2043"]
[BlackElo "2082"]
[EventDate "2015.??.??"]
[WhiteTitle "I+"]
[BlackTitle "I+"]

1.c4 d6 2.Nc3 e5 3.g3 f5 4.Bg2 Nf6 5.d3 Be7 6.Bg5 Nbd7 7.e3 O-O 8.Nge2 c6 
9.d4 Qe8 10.d5 c5 11.f3 Ng4 12.Bxe7 Nxe3 13.Qd2 Nxg2+ 14.Kf2 Qxe7 15.Kxg2 
f4 16.Ne4 Nf6 17.N2c3 Nxe4 18.Nxe4 Bf5 19.Rae1 fxg3 20.hxg3 h6 21.Rh4 Rf7 
22.f4 exf4 23.Rxf4 Qd7 24.Nf2 Raf8 25.Kh2 Bh7 26.Nh3 Bf5 27.Nf2 g5 28.Rf3 
Bh7 29.Rxf7 Qxf7 30.Kg1 Bf5 31.Qe3 Qf6 32.Qe7 Qxe7 33.Rxe7 Rf7 34.Re8+ Kg7
35.Re3 Kg6 36.g4 Bd7 37.Kg2 Rf4 38.Kg3 Rxc4 39.Re7 Bb5 40.Rxb7 Rb4 41.b3 
Kf6 42.Rxa7 Ke5 43.Rh7 Kxd5 44.Rxh6 Be2 45.Rg6 Rb8 46.Rxg5+ Kd4 47.Kf4 d5 
48.Re5 Rf8+ 49.Rf5 Ra8 50.g5 c4 51.bxc4 dxc4 52.Rf7 Rd8 53.Ne4 c3 54.Nxc3 
Kxc3 55.Ke5 Ra8 56.g6 Bc4 57.Rc7 Rxa2 58.g7 Rg2 59.Kf6 Kd4 60.Rxc4+ Kxc4 
1/2-1/2

[Event "POL-chT3"]
[Site "Jastrzebia Gora POL"]
[Date "2015.??.??"]
[Round "3.60"]
[White "Zdziarska-zareba, Lidia"]
[Black "Mackiewicz, Anna"]
[Result "0-1"]
[WhiteElo "1913"]
[BlackElo "1955"]
[EventDate "2015.??.??"]
[WhiteTitle "k+"]
[BlackTitle "k+"]

1.e4 c5 2.Nf3 e6 3.d4 cxd4 4.Nxd4 a6 5.Nc3 Qc7 6.Be2 Nf6 7.O-O d6 8.Be3 
Be7 9.Kh1 b5 10.f3 O-O 11.a4 bxa4 12.Nxa4 Nbd7 13.Qd2 Bb7 14.Nb3 d5 15.
exd5 Nxd5 16.Bf2 Rfd8 17.Bg3 e5 18.c4 Bb4 19.Qg5 h6 20.Qh4 Ne3 21.Rfc1 Nf5
22.Qg4 Nxg3+ 23.Qxg3 Bc6 24.Nd4 Nf8 25.Nxc6 Qxc6 26.b3 Rd2 27.Bf1 Ng6 28.
Nc3 Bxc3 29.Rxc3 Rad8 30.Qe1 Nf4 31.Rcc1 Qg6 32.Rd1 Qc2 33.Rxd2 Rxd2 34.
Rc1 Qb2 35.Rd1 Rxg2 36.Rd8+ Kh7 37.Qh4 Qc1 0-1

[Event "POL-chT3"]
[Site "Jastrzebia Gora POL"]
[Date "2015.??.??"]
[Round "3.61"]
[White "Walter, Szymon"]
[Black "Szczepkowska-Horowska, Karina"]
[Result "1/2-1/2"]
[WhiteElo "2214"]
[BlackElo "2395"]
[EventDate "2015.??.??"]
[WhiteTitle "k"]
[BlackTitle "WGM"]

1.e4 g6 2.d4 Bg7 3.Nc3 c6 4.Nf3 d6 5.a4 a5 6.h3 Nf6 7.Be2 O-O 8.O-O Nbd7 
9.Be3 e5 10.dxe5 dxe5 11.Qd6 Ne8 12.Qd2 Nc7 13.Bc4 Qe7 14.Rad1 Qb4 15.Ba2 
Nc5 16.Qd6 N7e6 17.Bb3 Na6 18.Qxb4 axb4 19.Na2 h6 20.Bc4 Nac5 21.Bxc5 Nxc5
22.Nxb4 Rxa4 23.c3 g5 24.Nd2 Kh7 25.Nb3 Nd7 26.Rd6 Nb6 27.Be2 Re8 28.Nc5 
Ra8 29.Rd2 Bf8 30.Ncd3 Kg7 31.Nc2 Nc4 32.Rdd1 f5 33.exf5 Bxf5 34.b3 Nb6 
35.Ne3 Bg6 36.Bg4 Nd5 37.c4 Nc3 38.Rd2 Rad8 39.Rc1 h5 40.Rxc3 hxg4 41.Rd1 
gxh3 42.gxh3 Rd4 43.c5 Be7 44.Nb2 Rh8 45.Kg2 Ra8 46.Ng4 Be4+ 47.Kg3 Ra2 
48.Nd3 Bf6 49.Nxf6 Kxf6 50.f3 Bf5 51.b4 Ra4 52.Nf2 Raxb4 53.Ra1 Rb2 54.Nd1
Re2 55.Ne3 Rdd2 56.Rh1 e4 57.h4 exf3 58.hxg5+ Kxg5 59.Nxf5 Rg2+ 60.Kxf3 
Rdf2+ 61.Ke4 Rf4+ 62.Ke5 Rxf5+ 63.Kd6 Rd2+ 64.Kc7 Rf7+ 65.Kc8 Rfd7 1/2-1/2

[Event "POL-chT3"]
[Site "Jastrzebia Gora POL"]
[Date "2015.??.??"]
[Round "3.62"]
[White "Tomaszewski, Kacper"]
[Black "Zylka, Stanislaw"]
[Result "1/2-1/2"]
[WhiteElo "2278"]
[BlackElo "2213"]
[EventDate "2015.??.??"]
[WhiteTitle "k"]
[BlackTitle "k"]

1.d4 Nf6 2.c4 g6 3.Nc3 Bg7 4.e4 d6 5.Be2 O-O 6.Nf3 e5 7.O-O Nc6 8.d5 Ne7 
9.b4 Nh5 10.g3 f5 11.Ng5 Nf6 12.f3 f4 13.Kg2 Ne8 14.c5 a5 15.bxa5 Rxa5 16.
cxd6 Nxd6 17.Bd2 Ra8 18.Ne6 Bxe6 19.dxe6 Nc6 20.Nb5 Kh8 21.Bc3 fxg3 22.
hxg3 Nxb5 23.Bxb5 Nd4 24.Bc4 Qe7 25.Bxd4 Rad8 26.Qb3 Rxd4 27.Rad1 Rfd8 28.
Rxd4 Rxd4 29.Rd1 Rxd1 30.Qxd1 Bf6 31.Qd7 Kg7 32.a4 c6 33.Kf1 Kf8 34.Qc8+ 
Kg7 35.Qd7 Kf8 36.Qc8+ Kg7 37.Qd7 Kf8 38.Qc8+ Kg7 39.Qd7 Kf8 40.Qc8+ Kg7 
1/2-1/2

[Event "POL-chT3"]
[Site "Jastrzebia Gora POL"]
[Date "2015.??.??"]
[Round "3.63"]
[White "Kastelik, Adrian"]
[Black "Matuszczyk, Przemyslaw"]
[Result "1-0"]
[WhiteElo "2135"]
[BlackElo "2086"]
[EventDate "2015.??.??"]
[WhiteTitle "I++"]
[BlackTitle "I++"]

1.d4 Nf6 2.c4 d6 3.Nc3 Nbd7 4.e4 e5 5.d5 Nc5 6.f3 a5 7.Be3 Be7 8.Bd3 O-O 
9.Nge2 c6 10.Bc2 cxd5 11.cxd5 Nfd7 12.a3 b6 13.b4 Na6 14.O-O Rb8 15.Rb1 b5
16.Bd3 axb4 17.axb4 Nc7 18.Ra1 Nb6 19.Qb3 Bd7 20.Ra5 Nc8 21.Qc2 h6 22.Ng3 
Bg5 23.Bf2 g6 24.Qe2 Qe8 25.Qc2 h5 26.Nd1 Bd8 27.Ne3 Na8 28.Ra2 Ncb6 29.
Ne2 Na4 30.g3 N8b6 31.Qb1 Rc8 32.Rc2 Bg5 33.Rxc8 Qxc8 34.Rc1 Qb8 35.Nc3 
Rc8 36.Nxb5 Bxb5 37.Bxb5 Nc3 38.Rxc3 Rxc3 39.Qe1 Ra3 40.Bf1 Qc7 41.b5 Rc3 
42.Kg2 Kg7 43.h4 Bh6 44.g4 hxg4 45.Nxg4 Ra3 46.Nxh6 Kxh6 47.Qb4 Ra8 48.Qb3
Kg7 49.Qe3 Rb8 50.Qa3 Nd7 51.Qa6 Rb7 52.Qc6 Nb8 53.Qxc7 Rxc7 54.b6 Rc2 55.
Bb5 Kf8 56.Kg3 Ke7 57.b7 Rb2 58.Bc6 Kd8 59.Ba7 Kc7 60.Bxb8+ Kxb8 61.Kg4 f6
62.Be8 f5+ 63.exf5 gxf5+ 64.Kxf5 Rb4 65.Kg5 Rf4 66.Bh5 Kxb7 67.Bg4 Rf8 68.
h5 Kb6 69.Kg6 Rg8+ 70.Kf7 Ra8 71.Bf5 Kc5 72.Be6 Rh8 73.Kg6 Kd4 74.h6 Ke3 
75.Kg7 Rxh6 76.Kxh6 Kxf3 77.Kg5 e4 78.Bg4+ Ke3 79.Kf5 Kd4 80.Ke6 Kc5 81.
Bh5 1-0

[Event "POL-chT3"]
[Site "Jastrzebia Gora POL"]
[Date "2015.??.??"]
[Round "3.64"]
[White "Smolka, Marcin"]
[Black "Dzierzak, Radoslaw"]
[Result "1/2-1/2"]
[WhiteElo "2070"]
[BlackElo "2168"]
[EventDate "2015.??.??"]
[WhiteTitle "k"]
[BlackTitle "I++"]

1.e4 c5 2.c4 Nc6 3.Nc3 g6 4.Nge2 Bg7 5.d3 e6 6.g3 Nge7 7.Bg2 O-O 8.O-O Nd4
9.Rb1 Nec6 10.a3 Qe7 11.Nxd4 Nxd4 12.b4 d6 13.Ne2 Rb8 14.Nxd4 Bxd4 15.Kh1 
Bd7 16.b5 a6 17.a4 axb5 18.axb5 Ra8 19.Qb3 Ra7 20.f4 Rfa8 21.Rd1 Ra4 22.
Bb2 Rb4 23.Qxb4 cxb4 24.Bxd4 e5 25.Be3 Bg4 26.Rd2 Qc7 27.h3 Be6 28.Rxb4 
Ra1+ 29.Kh2 Qa5 30.Rbb2 Qa3 31.fxe5 dxe5 32.Bg5 Qc3 33.Rf2 f5 34.exf5 gxf5
35.Rbc2 Qd4 36.Bxb7 e4 37.Bd5 Bxd5 38.cxd5 exd3 39.Rc8+ Kg7 40.Rg2 Qxd5 
41.Bd2 Kf7 42.Rc7+ Ke6 43.b6 Rb1 44.Rxh7 Qf3 45.Rh6+ Ke5 46.g4 fxg4 47.
hxg4 Ke4 48.g5 Rb2 49.Rh4+ Kd5 50.g6 Rxb6 51.Rg5+ Ke6 52.g7 Qf2+ 53.Kh3 
Qf1+ 54.Rg2 Rb8 55.Kh2 Rg8 56.Rh6+ Kf7 57.Rh4 Rxg7 58.Rf4+ Qxf4+ 59.Bxf4 
Rxg2+ 60.Kxg2 d2 1/2-1/2

[Event "POL-chT3"]
[Site "Jastrzebia Gora POL"]
[Date "2015.??.??"]
[Round "3.65"]
[White "Faron, Rafal"]
[Black "Wolynski, Krzysztof"]
[Result "1/2-1/2"]
[WhiteElo "2033"]
[BlackElo "2061"]
[EventDate "2015.??.??"]
[WhiteTitle "I++"]
[BlackTitle "I+"]

1.d4 e6 2.c4 f5 3.g3 Nf6 4.Bg2 Be7 5.Nf3 d6 6.O-O O-O 7.b4 Ne4 8.e3 Nd7 9.
Bb2 Qe8 10.Nc3 Nxc3 11.Bxc3 Bf6 12.Qc2 e5 13.Qxf5 Nb6 14.Qc2 Nxc4 15.dxe5 
dxe5 16.Nd2 Nxd2 17.Qxd2 c6 18.Qb2 a6 19.a4 Bg4 20.b5 axb5 21.axb5 Rxa1 
22.Rxa1 e4 23.Bxf6 Rxf6 24.bxc6 Qxc6 25.Ra8+ Kf7 26.Qe5 Be2 27.Qb2 Bd3 28.
Ra7 Ba6 29.Bf1 Kg6 30.Bxa6 bxa6 31.Qb7 Qc1+ 32.Kg2 Rxf2+ 33.Kxf2 Qd2+ 34.
Kf1 Qd1+ 35.Kf2 Qd2+ 36.Kf1 Qd1+ 37.Kf2 Qd2+ 38.Kf1 Qd1+ 1/2-1/2

[Event "POL-chT3"]
[Site "Jastrzebia Gora POL"]
[Date "2015.??.??"]
[Round "3.66"]
[White "Dziodzio, Angelika"]
[Black "Binkowska, Agata"]
[Result "1/2-1/2"]
[WhiteElo "2095"]
[BlackElo "1553"]
[EventDate "2015.??.??"]
[WhiteTitle "k"]
[BlackTitle "I++"]

1.c4 e5 2.Nc3 g6 3.g3 Bg7 4.Bg2 Nc6 5.e3 Nge7 6.Nge2 O-O 7.O-O f5 8.d3 d6 
9.a3 Be6 10.Nd5 Rb8 11.Nec3 a6 12.Qa4 Na7 13.Qa5 Nxd5 14.Nxd5 c6 15.Qxd8 
Rbxd8 16.Nc3 d5 17.c5 d4 18.exd4 Rxd4 19.Rd1 Bb3 20.Rd2 Rfd8 21.Re2 Rxd3 
22.Bg5 R8d7 23.Bf1 e4 24.Rb1 Nb5 25.Ree1 Nxc3 26.bxc3 Bc2 27.Bxd3 exd3 28.
Re8+ Kf7 29.Rbe1 d2 30.Bxd2 Be4 31.R8xe4 fxe4 32.Bf4 Bxc3 33.Rxe4 Rd4 34.
Re2 Rd3 35.Bd6 Bf6 36.a4 Rd4 37.Ra2 Rb4 38.Kg2 Be7 39.Re2 Bf6 40.Ra2 h5 
41.Ra3 Ke6 42.f4 Bd4 43.Kf3 Kd5 44.g4 b6 45.gxh5 gxh5 46.f5 bxc5 47.Be7 
Rb2 48.Kg3 Rf2 49.f6 Ke6 50.Rd3 Ra2 51.Rf3 Kf7 52.Rf5 h4+ 53.Kxh4 Rxh2+ 
54.Kg3 Rc2 55.Bd8 Rc4 56.a5 Rc1 57.Rh5 Kg6 58.Rh8 Rg1+ 59.Kf3 c4 60.Ke2 c3
61.Kd3 c5 62.Rg8+ Kf7 63.Rxg1 Bxg1 64.Kxc3 Bf2 65.Kc4 Be1 66.Kxc5 Bxa5 67.
Bxa5 Kxf6 1/2-1/2

[Event "POL-chT3"]
[Site "Jastrzebia Gora POL"]
[Date "2015.??.??"]
[Round "3.67"]
[White "Krzywda, Andrzej"]
[Black "Suliborski, Jakub"]
[Result "1-0"]
[WhiteElo "2113"]
[BlackElo "2071"]
[EventDate "2015.??.??"]
[WhiteTitle "k"]
[BlackTitle "I++"]

1.e4 e6 2.d4 d5 3.Nc3 Bb4 4.e5 c5 5.a3 Ba5 6.b4 cxd4 7.Nb5 Bc7 8.f4 a5 9.
Nf3 Bd7 10.Nxc7+ Qxc7 11.b5 Ne7 12.Bd3 Nf5 13.O-O Ne3 14.Bxe3 dxe3 15.Qe2 
Qc5 16.Rfc1 f5 17.c4 d4 18.Qb2 Ke7 19.Nxd4 a4 20.Be2 Rd8 21.Rd1 Bc8 22.Rd3
g5 23.fxg5 Nd7 24.Rad1 Rf8 25.Nf3 f4 26.Rd6 Rf5 27.Rxe6+ Kxe6 28.Nd4+ Kf7 
29.Nxf5 f3 30.gxf3 Kg6 31.Rd5 Qf8 32.e6 1-0

[Event "POL-chT3"]
[Site "Jastrzebia Gora POL"]
[Date "2015.??.??"]
[Round "3.68"]
[White "Kowalec, Maciej"]
[Black "Zgadzaj, Rafal"]
[Result "1/2-1/2"]
[WhiteElo "2005"]
[BlackElo "2115"]
[EventDate "2015.??.??"]
[WhiteTitle "k"]
[BlackTitle "k"]

1.Nf3 d6 2.c4 e5 3.e4 c5 4.Nc3 f5 5.d3 Nc6 6.Nd5 Be7 7.a3 Nf6 8.Qc2 O-O 9.
Be2 h6 10.h4 a5 11.Bd2 fxe4 12.dxe4 Bg4 13.Be3 Nxd5 14.exd5 Bxf3 15.Bxf3 
Nd4 16.Bxd4 cxd4 17.h5 Bg5 18.a4 Qb6 19.Rd1 Qb4+ 20.Ke2 Rac8 21.b3 Qb6 22.
Ke1 Rce8 23.Be4 Rf4 24.f3 Ref8 25.Qd3 Qb4+ 26.Ke2 Qa3 27.Qc2 R4f6 28.Qd3 
Be3 29.Ra1 Qb4 30.Rad1 Rf4 31.Rdf1 Rc8 32.Ra1 Ra8 33.Qc2 Raf8 34.Raf1 Qb6 
35.Qd3 Qd8 36.g3 R4f7 37.Qc2 Qg5 38.Rh3 Rc8 39.Qd3 Bf4 40.Rg1 Be3 41.Rf1 
1/2-1/2

[Event "POL-chT3"]
[Site "Jastrzebia Gora POL"]
[Date "2015.??.??"]
[Round "3.69"]
[White "Malecki, Rafal"]
[Black "Parol, Pawel"]
[Result "0-1"]
[WhiteElo "2090"]
[BlackElo "2039"]
[EventDate "2015.??.??"]
[WhiteTitle "k+"]
[BlackTitle "I++"]

1.Nf3 Nf6 2.g3 e6 3.Bg2 d5 4.O-O Be7 5.d3 c5 6.Nbd2 Nc6 7.e4 Qc7 8.Re1 b6 
9.Qe2 Bb7 10.Nf1 dxe4 11.dxe4 Nd4 12.Nxd4 cxd4 13.e5 Nd5 14.Rd1 Bc5 15.Nd2
Nb4 16.Bxb7 Qxb7 17.Nb3 Rd8 18.c3 dxc3 19.Rxd8+ Kxd8 20.Nxc5 bxc5 21.bxc3 
Nd5 22.Qd3 Kc8 23.Rb1 Qc6 24.Qf3 Rd8 25.Ba3 Rd7 26.c4 Nb4 27.Qg4 Nc2 28.
Bb2 Rd2 29.Qxg7 Ne3 30.f3 Qxf3 31.Qf8+ Kd7 0-1

[Event "POL-chT3"]
[Site "Jastrzebia Gora POL"]
[Date "2015.??.??"]
[Round "3.70"]
[White "Jozwik, Jacek"]
[Black "Szajda, Marcin"]
[Result "1-0"]
[WhiteElo "2012"]
[BlackElo "2061"]
[EventDate "2015.??.??"]
[WhiteTitle "I"]
[BlackTitle "I++"]

1.d4 Nf6 2.Nf3 g6 3.c4 Bg7 4.Nc3 d6 5.Bf4 O-O 6.e3 Nc6 7.Be2 Nd7 8.h3 e5 
9.Bh2 f5 10.O-O Kh8 11.a3 a5 12.Rb1 h6 13.b4 axb4 14.axb4 exd4 15.exd4 b6 
16.Nb5 Nf6 17.c5 Ne8 18.Qc2 Bb7 19.Rfd1 Ne7 20.Qb3 g5 21.Rbc1 Ng6 22.d5 
Ba6 23.Nfd4 Bxb5 24.Bxb5 Bxd4 25.Rxd4 Qf6 26.Rdd1 bxc5 27.bxc5 Ne5 28.Bxe5
Qxe5 29.Bc6 Rd8 30.Re1 Qg7 31.Qa4 Nf6 32.Qa7 g4 33.hxg4 Nxg4 34.cxd6 Rxd6 
35.Bb7 Rd7 36.Qa3 Rg8 37.Qh3 Re7 38.Rxe7 Qxe7 39.Qf3 Qh4 40.Qf4 Rg7 41.Bc8
Qf6 42.Qxf5 Qe7 43.Qf4 Nf6 44.Be6 h5 45.Qh6+ Rh7 46.Rxc7 Qd8 47.Rxh7+ Nxh7
48.Bf5 1-0

[Event "POL-chT3"]
[Site "Jastrzebia Gora POL"]
[Date "2015.??.??"]
[Round "3.71"]
[White "Sztwiertnia, Jan Krzysztof"]
[Black "Suliborski, Artur"]
[Result "1-0"]
[WhiteElo "2109"]
[BlackElo "1884"]
[EventDate "2015.??.??"]
[WhiteTitle "k"]
[BlackTitle "I"]

1.e4 c5 2.Nf3 Nc6 3.Bb5 e6 4.O-O Nge7 5.Re1 d6 6.d4 cxd4 7.Nxd4 Bd7 8.Nc3 
Nxd4 9.Bxd7+ Qxd7 10.Qxd4 Nc6 11.Qd3 Be7 12.Bf4 O-O 13.Rad1 Rfd8 14.Rd2 h5
15.Red1 e5 16.Be3 Qg4 17.Nd5 Bf8 18.f3 Qc8 19.Qe2 Ne7 20.Nc3 Ng6 21.Nb5 
Nf4 22.Qf2 Qc4 23.Nc3 g6 24.Qf1 Qc6 25.Bxf4 exf4 26.Nd5 Kh8 27.Qd3 Bg7 28.
Nxf4 Qb6+ 29.Kh1 Qxb2 30.Qb3 Qxb3 31.axb3 a5 32.Nd5 Ra6 33.Nc7 Rc6 34.Nb5 
Be5 35.g3 g5 36.Rd5 f6 37.f4 Bb2 38.Nxd6 Kg8 39.Nc4 1-0

[Event "POL-chT3"]
[Site "Jastrzebia Gora POL"]
[Date "2015.??.??"]
[Round "3.72"]
[White "Murawko, Katarzyna"]
[Black "Chmiel, Dominika"]
[Result "1-0"]
[WhiteElo "1977"]
[BlackElo "2146"]
[EventDate "2015.??.??"]
[WhiteTitle "k"]
[BlackTitle "m"]

1.e4 e5 2.Nf3 Nc6 3.Bb5 a6 4.Ba4 Bc5 5.d3 d6 6.c3 b5 7.Bc2 h6 8.O-O Bg4 9.
Nbd2 Nf6 10.h3 Bh5 11.Re1 Qd7 12.Nf1 g5 13.Ng3 Bg6 14.d4 exd4 15.e5 dxe5 
16.Nxe5 Nxe5 17.Rxe5+ Be7 18.Bf5 Qd6 19.cxd4 O-O 20.Qc2 Kg7 21.h4 gxh4 22.
Ne2 Ng4 23.Bf4 Bg5 24.Bxg6 Qxg6 25.Rc5 Rae8 26.Bxc7 Qf6 27.Rf1 h3 28.Ng3 
Qxd4 29.Nf5+ 1-0